| 000 | 00318nam a22001337a 4500 | ||
|---|---|---|---|
| 020 | _qHB. | ||
| 040 | _cFIZZA ISHAQ. | ||
| 082 |
_a532 _bFAN |
||
| 100 |
_aG,FANG. _9108768 |
||
| 245 |
_aAN INTRODUCTION TO FLUID MECHANICS / _cFANG G. |
||
| 260 |
_aSPRINGER, _bSPRINGER, _c2019. |
||
| 300 | _a205 P. ; | ||
| 942 |
_2ddc _cBK |
||
| 999 |
_c593179 _d593179 |
||